00499nam a2200181Ia 450000500170000000800410001702000150005808200130007310000140008624500320010026000280013230000160016065000150017665000120019194200060020395200950020999900130030420240702003646.0240331s9999 xx 000 0 und d a0415065690 a100bPOP aPopper, K 4aThe poverty of historicism  aLondonbRoutledgec1957 ax, 166 p ., aPhilosophy aHistory cL 001040708LaWERCLbWERCLcSSCd2024-03-31l0o 100 POPp3889r2024-03-31w2024-03-31yL c706d706